Land vs. Land #9 - Statistiken

Allgemein
  • Dieses Quiz wurde 51 mal gespielt
  • Das Durchschnittsergebnis liegt bei 11 aus 14
Antwortstatistiken
Frage Antwort % Korrekt
...Einwohner? Kuwait🇰🇼
98%
...Fläche? Kuwait🇰🇼
96%
...Militär? Kuwait🇰🇼
96%
...Exportmengen? Kuwait🇰🇼
96%
...Frieden? San Marino🇸🇲
96%
...Bruttoinlandsprodukt? Kuwait🇰🇼
91%
...Happy Planet Index? San Marino🇸🇲
91%
...HDI (Human Development Index)? San Marino🇸🇲
87%
...Lebenserwartung? San Marino🇸🇲
87%
...durchschnittlicher IQ? San Marino🇸🇲
85%
...Gesundheitswesen? San Marino🇸🇲
81%
...Gewinner? San Marino🇸🇲
53%
...Bruttoinlandsprodukt pro Kopf? San Marino🇸🇲
51%
...Tourismus? Kuwait🇰🇼
38%
Keine übereinstimmenden Quizze gefunden
Verteilung der Resultate
Anzahl Personen mit jedem Resultat
Perzentil nach korrekt beantworteten Fragen
Ihre Resultats-Entwicklung
Sie haben dieses Quiz noch nicht gespielt